• 首页
  • 本馆介绍
  • 公告通知
  • 最新文献
  • 馆藏检索
  • 电子资源
  • 读者导购
  • 参考咨询
  • 我的图书馆
  • 登录
  • 详细信息显示
  • 放入我的书架
  • 预约/预借图书
  • 作者相关作品
  • 分类相关作品
  • 丛书相关作品
  • 出版社相关作品

书目信息

  • 表格格式
  • 工作单格式
  • 卡片格式
题名:
早期儒家《诗》论及其哲学意义
    
 
作者: 王国雨 著
分册:  
出版信息: 北京   人民出版社  2017
页数: 237页
开本: 24cm
丛书名:
单 册:
中图分类: I207.222
科图分类:
主题词:
电子资源:
ISBN: 978-7-01-018010-6
000 00952nam0 2200229 450
001 5294
005 20180528184809.11
010    @a978-7-01-018010-6@dCNY49.00
100    @a20171116d2017 em y0chiy50 ea
101 0  @achi
102    @aCN@b110000
105    @ay z 000yy
200 1  @a早期儒家《诗》论及其哲学意义@9zao qi ru jia《shi》lun ji qi zhe xue yi yi@f王国雨著
210    @a北京@c人民出版社@d2017
215    @a237页@d24cm
300    @a系2012年度教育部人文社科研究青年基金项目“《诗经》诠释与早期儒家哲学的生成”的成果之一 2011年度浙江省哲学社会科学规划项目的成果之一
330    @a本书共分五章,内容包括:《诗》的儒家经典化、早期儒家《诗》学文献分析、“兴于《诗》”与早期儒家哲学的表达方式、“《诗》言志”与早期儒家的性情论、《诗》之诠释与早期儒家政治哲学的建构等。
605    @a《诗经》@x诗歌研究
690    @aI207.222@v5
701  0 @a王国雨@9wang guo yu@f(1978-)@4著
801  0 @aCN@b91MARC@c20171116
905    @aMuseLib@dI207.222@e1100
    
    早期儒家《诗》论及其哲学意义/王国雨著.-北京:人民出版社,2017
    237页;24cm
    系2012年度教育部人文社科研究青年基金项目“《诗经》诠释与早期儒家哲学的生成”的成果之一 2011年度浙江省哲学社会科学规划项目的成果之一
    
    ISBN 978-7-01-018010-6:CNY49.00
    本书共分五章,内容包括:《诗》的儒家经典化、早期儒家《诗》学文献分析、“兴于《诗》”与早期儒家哲学的表达方式、“《诗》言志”与早期儒家的性情论、《诗》之诠释与早期儒家政治哲学的建构等。
●
相关链接 在E读中查询图书 在五车中查询图书 在当当中查询图书 在豆瓣中查询图书


正题名:早期儒家《诗》论及其哲学意义     索取号:I207.222/1100         预约/预借

序号 登录号 条形码 馆藏地/架位号 状态 备注
1 1112743   211127430   第一样本阅览室/ [索取号:I207.222/1100] 在馆    
2 1112744   211127449   教育系资料室/ [索取号:I207.222/1100] 在馆    
3 1112745   211127458   教育系资料室/ [索取号:I207.222/1100] 在馆    
4 1112746   211127467   第二借阅区/ [索取号:I207.222/1100] 在馆    
唐山师范学院图书馆 欢迎您!
大连网信软件有限公司© 版权所有